| 000 | 00498nam a22001937a 4500 | ||
|---|---|---|---|
| 008 | 131129b xxu||||| |||| 00| 0 eng d | ||
| 020 | _a9290971568 | ||
| 041 | 0 | _aeng | |
| 080 |
_a347 _x (083.74) |
||
| 110 | _aCEN | ||
| 243 | _aCEN | ||
| 245 | 0 | 0 | _aNational procedures for the implementation of European Standards / |
| 250 | _asecond edition | ||
| 260 | _c1992. | ||
| 300 |
_a67 f. : _c30 cm. |
||
| 500 | _aPreface : f. III | ||
| 650 | 0 |
_aE drejta civile _xStandarde _zEuropa |
|
| 942 |
_2udc _cBK |
||
| 999 |
_c373 _d373 |
||